000
00423nam a2200169Ia 4500
008
090123s9999 xx 000 0 und d
082
_b
6200
_a
891.463/फडके
100
_a
फडके ना. सी.
245
_a
आशा
250
_a
4
300
_a
252
600
_a
फडके ना. सी.
630
_a
आशा
700
_a
फडके ना. सी.
730
_a
आशा
942
_c
BOOK
999
_c
44264
_d
44264